| 000 | 01000nam a2200241Ia 4500 | ||
|---|---|---|---|
| 999 |
_c41942 _d41942 |
||
| 001 | 8626 | ||
| 003 | GE_BSU | ||
| 005 | 20240520120649.0 | ||
| 008 | 181216s1996||||ge |||||||||||||| ||geo|| | ||
| 040 | _cGE_BSU | ||
| 041 | _aGEO | ||
| 080 | _a37.01(075.8) გ-58 | ||
| 100 |
_aგობრონიძე, ალექსანდრე _9794 |
||
| 245 |
_aპედაგოგიკა : _bდამხმარე სახელმძღვანელო / _cალექსანდრე გობრონიძე ; რედ. გულნარა ფაღავა. |
||
| 264 |
_aბათუმი : _bაჭარა, _c1996. |
||
| 300 |
_a359 გვ. ; _c20 სმ. |
||
| 500 | _aდანართი გვ. : 337-358 | ||
| 541 | _h7 ლ. | ||
| 653 | _aპედაგოგიკა | ||
| 653 | _aდამხმარე სახელმძღვანელო | ||
| 700 |
_aფაღავა, გულნარა _eრედაქტორი _922125 |
||
| 942 |
_cBK _2udc |
||